| 000 | 00973cac a2200289 a 4500 | ||
|---|---|---|---|
| 003 | CO-PeBPM | ||
| 005 | 20250711222523.0 | ||
| 007 | ta | ||
| 008 | 231129s2000||||ck ||||||||||||| ||spa|| | ||
| 020 | _a9706432361 | ||
| 040 |
_aCO-PeBPM _bspa _cCO-PeBPM _erda |
||
| 041 | _aspa | ||
| 082 | 0 | 4 |
_a153 G853t _222 |
| 100 | 1 |
_aGriffith, Elise M. _eautora |
|
| 245 | 1 | 0 |
_aTodo niño es un genio _b: Desarrolle el talento de sus hijos _c/ Elise M. Griffith; traducción Margarita Montes |
| 260 |
_aMexico _b: Selector _c, 2000 |
||
| 264 | _aMéxico : Selector | ||
| 300 |
_a198 páginas _c19 centímetros |
||
| 490 | _aColección Familia | ||
| 500 | _aIncluye índice | ||
| 650 | 1 | 4 |
_a Psicología infantil _2LEMB |
| 650 | 1 | 4 |
_aNiños inteligentes _2LEMB |
| 650 | 1 | 4 |
_aTalento niños _2LEMB |
| 700 |
_aMontes, Margarita _etraducción |
||
| 942 |
_2ddc _cBK |
||
| 999 |
_c25459 _d25459 |
||